| 000 | 00498nam a2200217Ia 4500 | ||
|---|---|---|---|
| 008 | 210210b1923 xxu||||| |||| 00| 0 eng d | ||
| 041 | _aeng | ||
| 082 | _a543/195 | ||
| 100 | _aROSCOE (H E) | ||
| 245 | _aTreatise on chemistry Vol II | ||
| 260 |
_aLondon _bMacmillan & Co. Ltd. _c1923 |
||
| 300 | _a829 | ||
| 650 | _aVol | ||
| 650 | _aTreatise | ||
| 650 | _aon | ||
| 650 | _aII | ||
| 650 | _achemistry | ||
| 690 | _aInorganic Chemistry | ||
| 700 | _aSCHORLEMMER (C) | ||
| 906 | _a009598 | ||
| 999 |
_c127055 _d127055 |
||